Normal view
MARC view
Entry Personal Name
001 - CONTROL NUMBER
- control field: 44929
003 - CONTROL NUMBER IDENTIFIER
- control field: dpl
005 - DATE AND TIME OF LATEST TRANSACTION
- control field: 20120410153925.0
008 - FIXED-LENGTH DATA ELEMENTS
- fixed length control field: 120410|||a|||||| | ||| d
040 ## - CATALOGING SOURCE
- Original cataloging agency: dpl
- Transcribing agency: dpl
100 ## - HEADING--PERSONAL NAME
- Personal name: Mahmud, S. Jafar
670 ## - SOURCE DATA FOUND
- Source citation: Work cat.: (dpl): Mahmud, S. Jafar, Buddhism :, 1998
670 ## - SOURCE DATA FOUND
- Source citation: Work cat.: (dpl): Mahmud, S. Jafar, Buddhism :, 1998
